000
00283nam a2200121Ia 4500
008
211105s9999 xx 000 0 und d
020
_a
VYASA09565
100
_a
Zimmer Heinrich
245
0
_a
Philosophies Of India
250
_a
\N
260
_b
Motilal Banarsidass
_c
\N
300
_a
687p.
999
_c
943
_d
943